书目信息 |
| 题名: |
中国传统雕塑
|
|
| 作者: | 顾森 著 | |
| 分册: | ||
| 出版信息: | 北京 商务印书馆 1997.12 |
|
| 页数: | 196页 | |
| 开本: | 32开 | |
| 丛书名: | ||
| 单 册: | ||
| 中图分类: | J309 | |
| 科图分类: | ||
| 主题词: | 雕塑理论 | |
| 电子资源: | ||
| ISBN: | 7-100-02236-3 | |
| 000 | 00524nam0 2200193 45 | |
| 001 | 0009151805 | |
| 005 | 20000915185017.1 | |
| 010 | @a7-100-02236-3@d14.00元 | |
| 100 | @a20000915d1997 km y0chiy0120 ea | |
| 101 | 0 | @achi |
| 105 | @a z 000yy | |
| 200 | 1 | @a中国传统雕塑@AZhong Guo Chuan Tong Diao Su@f顾森著@FGu Sen Zhu |
| 210 | @a北京@c商务印书馆@d1997.12 | |
| 215 | @a196页@d32开 | |
| 606 | 0 | @a雕塑理论 |
| 690 | @aJ309@v3 | |
| 701 | 0 | @a顾森@4著 |
| 801 | @aCN@bPftUser@c20000915 | |
| 905 | @b144233-237@dJ309@eG.227@f5 | |
| 中国传统雕塑/顾森著.-北京:商务印书馆,1997.12 |
| 196页;32开 |
| ISBN 7-100-02236-3:14.00元 |
| ● |
| 相关链接 |
|
|
|
正题名:中国传统雕塑
索取号:J309/G.227
 
预约/预借
| 序号 | 登录号 | 条形码 | 馆藏地/架位号 | 状态 | 备注 |
| 1 | 144233 | 201442331 | 自科二线404/309社科库 81排2列5层/ [索取号:J309/G.227] | 在馆 | |
| 2 | 144234 | 201442340 | 社科库309/309社科库 81排3列4层/ [索取号:J309/G.227] | 在馆 | |
| 3 | 144235 | 201442359 | 社科库309/309社科库 81排3列4层/ [索取号:J309/G.227] | 在馆 | |
| 4 | 144236 | 201442368 | 自科二线404/309社科库 81排2列5层/ [索取号:J309/G.227] | 在馆 | |
| 5 | 144237 | 201442377 | 社科库309/309社科库 81排3列4层/ [索取号:J309/G.227] | 在馆 |